|
|
|
|
| LEADER |
02022nam a2200457 i 4500 |
| 001 |
EBC4332918 |
| 003 |
MiAaPQ |
| 005 |
20200520144314.0 |
| 006 |
m o d | |
| 007 |
cr cnu|||||||| |
| 008 |
160618t20152015gw ob 001 0 eng|d |
| 020 |
|
|
|z 9783110471199
|
| 020 |
|
|
|a 9783110471243
|q (electronic bk.)
|
| 035 |
|
|
|a (MiAaPQ)EBC4332918
|
| 035 |
|
|
|a (Au-PeEL)EBL4332918
|
| 035 |
|
|
|a (CaPaEBR)ebr11140022
|
| 035 |
|
|
|a (OCoLC)939265228
|
| 040 |
|
|
|a MiAaPQ
|b eng
|e rda
|e pn
|c MiAaPQ
|d MiAaPQ
|
| 041 |
1 |
|
|a eng
|h und
|
| 050 |
|
4 |
|a HM554
|b .A76 2015
|
| 082 |
0 |
|
|a 303.66
|2 23
|
| 100 |
1 |
|
|a Armao, Fabio,
|e author.
|
| 245 |
1 |
0 |
|a Inside War :
|b understanding the evolution of organised violence in the global era /
|c Fabio Armao ; managing editor, Magdalena Randall-Schab ; language editor, Adam Tod Leverton ; translated by Kora E. Battig von Wittelsbach and Emilia bianca Pisani.
|
| 264 |
|
1 |
|a Berlin :
|b De Gruyter Open,
|c [2015]
|
| 264 |
|
4 |
|c 2015
|
| 300 |
|
|
|a 1 online resource (224 pages)
|
| 336 |
|
|
|a text
|2 rdacontent
|
| 337 |
|
|
|a computer
|2 rdamedia
|
| 338 |
|
|
|a online resource
|2 rdacarrier
|
| 504 |
|
|
|a Includes bibliographical references and index.
|
| 588 |
|
|
|a Description based on print version record.
|
| 590 |
|
|
|a Electronic reproduction. Ann Arbor, MI : ProQuest, 2016. Available via World Wide Web. Access may be limited to ProQuest affiliated libraries.
|
| 650 |
|
0 |
|a International relations.
|
| 655 |
|
4 |
|a Electronic books.
|
| 700 |
1 |
|
|a Randall-Schab, Magdalena,
|e editor.
|
| 700 |
1 |
|
|a Leverton, Adam Tod,
|e editor.
|
| 700 |
1 |
|
|a Wittelsbach, Kora E. Battig von,
|e translator.
|
| 700 |
1 |
|
|a Pisani, Emilia Bianca,
|e translator.
|
| 776 |
0 |
8 |
|i Print version:
|a Armao, Fabio.
|t Inside War : understanding the evolution of organised violence in the global era.
|d Berlin : De Gruyter Open, [2015]
|h xvi, 205 pages ; 25 cm
|z 9783110471199
|w (DLC)19142323
|
| 797 |
2 |
|
|a ProQuest (Firm)
|
| 856 |
4 |
0 |
|u https://ebookcentral.proquest.com/lib/matrademy/detail.action?docID=4332918
|z Click to View
|